Wage Discrimination Against Women in Baltic Countries

Mzdové rozdiely medzi mužami a ženami v pobaltských krajinách. Mzdová diskriminácia žien na trhu práce. Nevysvetlená genderová mzdová medzera častočne bez vplyvu deľby práce medzi mužom a ženou v domácnostiach. Metóda Oaxaca-Blinderov rozklad.

Salvato in:
Dettagli Bibliografici
Autore principale: Hedija, Veronika
Altri autori: Musil, Petr
Natura: Capitolo di libro
Lingua:inglese
Soggetti:
Tags: Aggiungi Tag
Nessun Tag, puoi essere il primo ad aggiungerne!!

MARC

LEADER 00000naa a2200000 4500
001 0268184
005 20210924120155.8
041 0 |a eng 
044 |a SK 
245 1 0 |a Wage Discrimination Against Women in Baltic Countries  |c Veronika Hedija, Petr Musil 
520 |a Mzdové rozdiely medzi mužami a ženami v pobaltských krajinách. Mzdová diskriminácia žien na trhu práce. Nevysvetlená genderová mzdová medzera častočne bez vplyvu deľby práce medzi mužom a ženou v domácnostiach. Metóda Oaxaca-Blinderov rozklad. 
610 2 0 |a mzdy 
610 2 0 |a trh práce 
610 2 0 |a Pobaltie 
610 2 0 |a odmeňovanie 
610 2 0 |a diskriminácia rodová 
100 1 |a Hedija, Veronika 
700 1 |a Musil, Petr